[Event "75. LJUBLJANSKA LIGA 2023"]
[Site " gostovanja"]
[Date "2023.02.16"]
[Round "4.3"]
[White "Smirnov, Maksim"]
[Black "Krupenko, Peter"]
[Result "1/2-1/2"]
[WhiteElo "1405"]
[BlackElo "1976"]
[PlyCount "198"]
[EventDate "2023.02.16"]
[WhiteTeam "SS TOMO ZUPAN KRANJ"]
[BlackTeam "SK TRZIN BUSCOTRADE"]

1. d4 d5 2. Bf4 Nf6 3. Nf3 c5 4. e3 Qb6 5. Nc3 e6 6. Be2 Be7 7. a3 O-O 8. h3
Bd7 9. dxc5 Qxc5 10. O-O Rc8 11. Bd3 b5 12. Be5 Nc6 13. Bh2 Na5 14. Be5 Nc4 15.
Bd4 Qc7 16. Bxc4 dxc4 17. Be5 Qb7 18. Qd4 Bc6 19. Qf4 a5 20. Ne2 Be4 21. Ned4
Bg6 22. g4 Nd5 23. Qg3 f6 24. Bd6 e5 25. Bxe7 Nxe7 26. Nf5 Nxf5 27. gxf5 Bxf5
28. c3 Bd3 29. Rfe1 Rd8 30. Nh2 Qe4 31. Ng4 Kh8 32. h4 h5 33. Nh2 Ra6 34. Nf3
Rad6 35. Kh2 Qg4 36. Nd2 Bc2 37. Qxg4 hxg4 38. Nf1 Kh7 39. Kg3 f5 40. Rac1 Be4
41. Ra1 a4 42. Rac1 Kh6 43. Re2 Rd3 44. Nh2 Rd2 45. Rce1 g5 46. hxg5+ Kxg5 47.
f4+ exf4+ 48. exf4+ Kh5 49. Nxg4 Rxe2 50. Rxe2 Rg8 51. Rh2+ Kg6 52. Ne5+ Kf6+
53. Kf2 Rd8 54. Ke3 Kg7 55. Rd2 Rh8 56. Rd7+ Kf6 57. Rd6+ Ke7 58. Rb6 Rh2 59.
Rxb5 Kd6 60. Nxc4+ Kc6 61. Ra5 Bc2 62. Kd4 Re2 63. Rc5+ Kb7 64. Re5 Rf2 65. Ke3
Rh2 66. Nd6+ Kc6 67. Nxf5 Bb3 68. Nd4+ Kd6 69. Nxb3 axb3 70. Rb5 Rxb2 71. Kd3
Rb1 72. c4 b2 73. Kc2 Rf1 74. Kxb2 Rxf4 75. Kb3 Kc6 76. a4 Rh4 77. Kb4 Rg4 78.
Rc5+ Kb6 79. a5+ Kb7 80. Kb5 Rg1 81. a6+ Ka7 82. Rc7+ Kb8 83. Rb7+ Ka8 84. c5
Ra1 85. Rb6 Ka7 86. Kc6 Rh1 87. Rb4 Rh6+ 88. Kb5 Rxa6 89. Rg4 Rh6 90. Rg7+ Kb8
91. Rd7 Kc8 92. Ra7 Rg6 93. c6 Rg1 94. Ra4 Rb1+ 95. Kc5 Rc1+ 96. Rc4 Rxc4+ 97.
Kxc4 Kc7 98. Kd5 Kc8 99. Kd6 Kd8 1/2-1/2

[Event "75. LJUBLJANSKA LIGA 2023"]
[Site " gostovanja"]
[Date "2023.02.16"]
[Round "4.4"]
[White "Krumpak, Hinko"]
[Black "Demsar, Maks"]
[Result "1-0"]
[WhiteElo "2043"]
[BlackElo "1442"]
[PlyCount "107"]
[EventDate "2023.02.16"]
[WhiteTeam "SK TRZIN BUSCOTRADE"]
[BlackTeam "SS TOMO ZUPAN KRANJ"]

1. c4 e5 2. Nc3 Nf6 3. g3 Bb4 4. Qc2 O-O 5. Bg2 Nc6 6. e3 Re8 7. Nge2 Bxc3 8.
Nxc3 d6 9. O-O Rb8 10. a3 Be6 11. d3 d5 12. cxd5 Nxd5 13. b4 Nxc3 14. Qxc3 Bd5
15. Bb2 Bxg2 16. Kxg2 Qd5+ 17. Kg1 Rbd8 18. Rfd1 Re6 19. Rac1 f6 20. e4 Qd6 21.
Qc4 Kf7 22. b5 Nd4 23. Bxd4 Qxd4 24. Qxd4 Rxd4 25. Rxc7+ Re7 26. Rc4 Red7 27.
Rxd4 Rxd4 28. Kf1 Ke6 29. Ke2 Ra4 30. Rc1 Kd7 31. Rc3 Ra5 32. Rb3 Kc7 33. Ke3
Kb6 34. d4 exd4+ 35. Kxd4 Rxb5 36. Rxb5+ Kxb5 37. Kd5 Ka4 38. f4 Kxa3 39. e5
fxe5 40. fxe5 b5 41. e6 b4 42. e7 b3 43. e8=Q a5 44. Qe1 a4 45. Qa1+ Kb4 46.
Kd4 g6 47. Kd3 h6 48. Kd2 g5 49. Kc1 h5 50. Qe5 Ka3 51. Qxg5 Ka2 52. Qd5 Ka1
53. Qb5 a3 54. Qxb3 1-0

[Event "75. LJUBLJANSKA LIGA 2023"]
[Site " gostovanja"]
[Date "2023.02.16"]
[Round "4.1"]
[White "Lanjscek, Miha"]
[Black "Markoja, Sebastijan"]
[Result "0-1"]
[WhiteElo "1812"]
[BlackElo "2217"]
[PlyCount "78"]
[EventDate "2023.02.16"]
[WhiteTeam "SK TRZIN PEKOS PUB"]
[BlackTeam "SK DOL"]

1. d4 Nf6 2. c4 g6 3. Nc3 Bg7 4. e4 d6 5. Nf3 O-O 6. Be2 e5 7. O-O Nc6 8. d5
Ne7 9. Be3 Ng4 10. Bg5 f5 11. exf5 gxf5 12. h3 Nf6 13. Qd2 Bd7 14. Rac1 Kh8 15.
b4 Qe8 16. Bxf6 Rxf6 17. b5 Bh6 18. Qc2 Bxb5 19. cxb5 Bxc1 20. Qxc1 Nxd5 21.
Qg5 Qg6 22. Qxg6 hxg6 23. a3 Nf4 24. Bc4 d5 25. Bb3 e4 26. Nd4 Rd8 27. Rc1 Rd7
28. Ba4 b6 29. Bb3 Ne6 30. Nc6 d4 31. Ne5 Rd6 32. Nc4 Rd8 33. Ne5 Kg7 34. Nc6
Rd6 35. Nxa7 d3 36. Kf1 f4 37. Nc8 Rd7 38. Na7 e3 39. Bc4 e2+ 0-1

[Event "75. LJUBLJANSKA LIGA 2023"]
[Site " gostovanja"]
[Date "2023.02.16"]
[Round "4.2"]
[White "Kampus, Andrej"]
[Black "Konvalinka, Kostja"]
[Result "1-0"]
[WhiteElo "1644"]
[BlackElo "1686"]
[PlyCount "65"]
[EventDate "2023.02.16"]
[WhiteTeam "SK DOL"]
[BlackTeam "SK TRZIN PEKOS PUB"]

1. e4 c5 2. Nc3 d6 3. g3 Nc6 4. Bg2 Nf6 5. d3 e6 6. f4 e5 7. Nf3 Be7 8. O-O O-O
9. f5 d5 10. Qe2 dxe4 11. dxe4 Nd4 12. Nxd4 Qxd4+ 13. Be3 Qd8 14. g4 h6 15.
Rad1 Qa5 16. h4 b6 17. Qf3 Ba6 18. Rf2 Rad8 19. Rxd8 Rxd8 20. g5 hxg5 21. hxg5
Nh7 22. f6 Nxf6 23. gxf6 Bxf6 24. Nd5 Rd6 25. Bd2 Qxa2 26. Qg4 Bd8 27. Qh5 Bf6
28. Nxf6+ Rxf6 29. Rxf6 gxf6 30. Bh6 Qb1+ 31. Kh2 Kh7 32. Bf8+ Kg8 33. Qh6 1-0

[Event "75. LJUBLJANSKA LIGA 2023"]
[Site " gostovanja"]
[Date "2023.02.16"]
[Round "4.3"]
[White "Leben, Dusan"]
[Black "Magerl, Zan"]
[Result "1-0"]
[WhiteElo "1797"]
[BlackElo "1347"]
[PlyCount "73"]
[EventDate "2023.02.16"]
[WhiteTeam "SK TRZIN PEKOS PUB"]
[BlackTeam "SK DOL"]

1. e4 d6 2. d4 Nf6 3. Nc3 g6 4. Nf3 Bg7 5. Bd3 O-O 6. O-O a6 7. h3 b5 8. Ne2
Bb7 9. Ng3 Re8 10. Re1 e5 11. dxe5 dxe5 12. c4 bxc4 13. Bxc4 Qxd1 14. Rxd1 h6
15. Re1 Nbd7 16. Bb3 Nc5 17. Bc2 Rad8 18. Bd2 Nd3 19. Re2 Nf4 20. Ree1 Nd3 21.
Re2 Nf4 22. Re3 Nd7 23. Ba5 Nb6 24. Rc3 Ne6 25. Bb3 Rd7 26. Rac1 Ree7 27. Bxe6
fxe6 28. R3c2 Kh7 29. Rd2 Rxd2 30. Nxd2 h5 31. Rc2 Bh6 32. Nf3 Bf4 33. Ne2 Bxe4
34. Rc5 Nd5 35. Nxf4 exf4 36. Ng5+ Kg7 37. Nxe4 1-0

[Event "75. LJUBLJANSKA LIGA 2023"]
[Site " gostovanja"]
[Date "2023.02.16"]
[Round "4.4"]
[White "Zdolc, Damjan"]
[Black "Bajec, Borut"]
[Result "0-1"]
[WhiteElo "1686"]
[BlackElo "1734"]
[PlyCount "78"]
[EventDate "2023.02.16"]
[WhiteTeam "SK DOL"]
[BlackTeam "SK TRZIN PEKOS PUB"]

1. d4 d5 2. Nf3 Nf6 3. g3 e6 4. Bg2 Nbd7 5. O-O Bd6 6. Bg5 h6 7. Bxf6 Qxf6 8.
Re1 O-O 9. e4 dxe4 10. Rxe4 c6 11. c4 Bc7 12. Nc3 Qd8 13. b4 Nf6 14. Re2 Qe7
15. a3 Rd8 16. Raa2 a5 17. c5 axb4 18. axb4 Rxa2 19. Rxa2 Nd5 20. Nxd5 exd5 21.
Re2 Qf6 22. h3 Bxh3 23. Qe1 Be6 24. Ra2 Bg4 25. Qe3 Rb8 26. Nh2 Be6 27. Ra7 Qf5
28. Ra1 Qc2 29. Rc1 Qa2 30. Bf3 Ra8 31. Bg4 Ra3 32. Rc3 Qa1+ 33. Rc1 Qb2 34.
Qe1 Bxg4 35. Nxg4 Qxd4 36. Qe8+ Kh7 37. Qxf7 Rxg3+ 38. Kf1 Qd3+ 39. Ke1 Rg1#
0-1

[Event "75. LJUBLJANSKA LIGA 2023"]
[Site " gostovanja"]
[Date "2023.02.16"]
[Round "4.1"]
[White "Sedlar, Tomo"]
[Black "Marinko, Peter"]
[Result "0-1"]
[WhiteElo "1804"]
[BlackElo "2038"]
[PlyCount "120"]
[EventDate "2023.02.16"]
[WhiteTeam "SD MENGES-TRZIN"]
[BlackTeam "SK LJUBLJANA"]

1. d4 d6 2. c4 e5 3. e3 e4 4. g3 f5 5. Bg2 Nf6 6. Ne2 Be7 7. Nbc3 O-O 8. O-O
Be6 9. b3 Nbd7 10. Bb2 c6 11. Nf4 Bf7 12. d5 g5 13. dxc6 bxc6 14. Nfe2 Ne5 15.
Nd4 Qd7 16. Qd2 g4 17. Rfd1 h5 18. Nde2 Nd3 19. Nc1 Nxb2 20. Qxb2 Nh7 21. N1e2
Bf6 22. Qd2 Rad8 23. Rac1 Ng5 24. Nf4 Be5 25. Nce2 Kg7 26. h4 Ne6 27. Qa5 Qb7
28. Rd2 Nxf4 29. Nxf4 Qb6 30. Qa3 Bxf4 31. gxf4 Qc7 32. Kh2 Qe7 33. Kg3 Rd7 34.
Rcd1 Rfd8 35. Bf1 Qf6 36. Qa6 d5 37. cxd5 cxd5 38. Qa4 Rc7 39. Qa5 Rdc8 40. Be2
Qc3 41. Qa4 Rb8 42. Qa3 Rb6 43. Qa4 Qb4 44. Qxb4 Rxb4 45. Rb2 Rc3 46. Kg2 a5
47. Rdd2 Rb6 48. Rbc2 Rbc6 49. Bd1 Kf6 50. Rxc3 Rxc3 51. Rc2 Rxc2 52. Bxc2 d4
53. Kf1 dxe3 54. fxe3 a4 55. Ke2 a3 56. Kd2 Ke7 57. Bd1 Kd6 58. Be2 Bxb3 59.
Kc3 Bxa2 60. Kb4 Bc4 0-1

[Event "75. LJUBLJANSKA LIGA 2023"]
[Site " gostovanja"]
[Date "2023.02.16"]
[Round "4.2"]
[White "Borstar, Dusan"]
[Black "Veskovic, Dzemal"]
[Result "1-0"]
[WhiteElo "1687"]
[BlackElo "1876"]
[PlyCount "113"]
[EventDate "2023.02.16"]
[WhiteTeam "SK LJUBLJANA"]
[BlackTeam "SD MENGES-TRZIN"]

1. e4 e6 2. d4 d6 3. Nf3 Be7 4. Bd3 Nc6 5. c3 a6 6. Be3 e5 7. d5 Nb8 8. Qc2 Nf6
9. h3 O-O 10. Nbd2 c5 11. dxc6 bxc6 12. Nc4 c5 13. O-O-O Nbd7 14. Be2 Qc7 15.
Nh4 Nb6 16. g4 Nxc4 17. Bxc4 Bb7 18. Rhg1 Bxe4 19. Qe2 d5 20. g5 Ne8 21. Bxd5
Bxd5 22. Rxd5 Qa5 23. Nf5 Bd8 24. Qc4 Qb5 25. Qxc5 Nc7 26. Rxe5 Ne6 27. Qxb5
axb5 28. a3 Rb8 29. Nd4 Nxd4 30. Bxd4 f6 31. gxf6 Bxf6 32. Re2 Bxd4 33. cxd4 b4
34. Rg3 Rfc8+ 35. Rc2 Re8 36. Rb3 Re1+ 37. Kd2 Rbe8 38. Re3 R1xe3 39. fxe3 bxa3
40. bxa3 h5 41. Ra2 g5 42. Kd3 Kf7 43. a4 g4 44. hxg4 hxg4 45. a5 Kf6 46. a6
Kg5 47. Ke2 Kh4 48. a7 Ra8 49. Kf2 Kh3 50. Kg1 g3 51. Ra1 g2 52. e4 Kg3 53. e5
Kf3 54. e6 Ke4 55. e7 Kxd4 56. e8=Q Rxe8 57. a8=Q 1-0

[Event "75. LJUBLJANSKA LIGA 2023"]
[Site " gostovanja"]
[Date "2023.02.16"]
[Round "4.3"]
[White "Simicak, Metod"]
[Black "Babic, Miroslav"]
[Result "1/2-1/2"]
[WhiteElo "1704"]
[BlackElo "1655"]
[PlyCount "116"]
[EventDate "2023.02.16"]
[WhiteTeam "SD MENGES-TRZIN"]
[BlackTeam "SK LJUBLJANA"]

1. e4 e6 2. d4 d5 3. Bd3 dxe4 4. Bxe4 Nf6 5. f3 Bd6 6. Bg5 c6 7. Nd2 Nbd7 8.
Nc4 Be7 9. Bd3 b5 10. Ne3 Nd5 11. Bxe7 Qxe7 12. Nxd5 exd5+ 13. Qe2 Qxe2+ 14.
Nxe2 Nf6 15. a4 b4 16. a5 Bd7 17. Nc1 O-O 18. Nb3 Rfe8+ 19. Kd2 Re7 20. Nc5
Rae8 21. Na6 Nh5 22. g3 Re3 23. Rae1 Rxf3 24. Rxe8+ Bxe8 25. Re1 Kf8 26. Nxb4
Rf2+ 27. Re2 Rxe2+ 28. Bxe2 Nf6 29. Ke3 Ke7 30. Nd3 Kd6 31. Bf3 Bd7 32. b4 Bg4
33. Bg2 Bf5 34. Ne1 Be4 35. Bh3 g5 36. g4 h5 37. gxh5 Nxh5 38. Bg4 Ng7 39. c4
f5 40. c5+ Ke6 41. Be2 f4+ 42. Kf2 Kf5 43. h3 Kf6 44. Bg4 Bf5 45. Nf3 Ne6 46.
Ke2 Bxg4 47. hxg4 Ke7 48. Kd3 Kd8 49. a6 Kc7 50. Kc3 Kc8 51. b5 Kc7 52. b6+
axb6 53. a7 Kb7 54. cxb6 c5 55. dxc5 Nxc5 56. Kd4 Nd7 57. Kxd5 Nxb6+ 58. Ke6
Nc4 1/2-1/2

[Event "75. LJUBLJANSKA LIGA 2023"]
[Site " gostovanja"]
[Date "2023.02.16"]
[Round "4.4"]
[White "Tansek, Branko"]
[Black "Ocepek, Marjan"]
[Result "0-1"]
[WhiteElo "1514"]
[BlackElo "1610"]
[PlyCount "36"]
[EventDate "2023.02.16"]
[WhiteTeam "SK LJUBLJANA"]
[BlackTeam "SD MENGES-TRZIN"]

1. e4 c5 2. Nf3 d6 3. Nc3 Nf6 4. d4 cxd4 5. Nxd4 g6 6. Bd3 Bg7 7. O-O O-O 8. f4
Qb6 9. Be2 e5 10. fxe5 dxe5 11. Be3 exd4 12. Bxd4 Qe6 13. Qd3 Nc6 14. Bc5 Rd8
15. Qc4 Qxc4 16. Bxc4 Be6 17. Bb5 Nd7 18. Be7 Nxe7 0-1

[Event "75. LJUBLJANSKA LIGA 2023"]
[Site " gostovanja"]
[Date "2023.02.16"]
[Round "4.1"]
[White "Peric, Bernard"]
[Black "Baric, Dusan"]
[Result "1-0"]
[WhiteElo "2143"]
[BlackElo "1979"]
[PlyCount "89"]
[EventDate "2023.02.16"]
[WhiteTeam "SK ZAGORJE"]
[BlackTeam "SK VISNJA GORA - STICNA"]

1. e4 c5 2. c3 d5 3. exd5 Qxd5 4. Nf3 Nf6 5. Na3 e6 6. Bb5+ Bd7 7. O-O Be7 8.
Qe2 O-O 9. Nc2 Nc6 10. d4 cxd4 11. Bg5 Rfd8 12. Rfd1 a6 13. Bc4 Qa5 14. Ncxd4
Nxd4 15. Rxd4 Bc6 16. Rxd8+ Rxd8 17. Ne5 Bd5 18. Bd3 h6 19. Bh4 b5 20. Ng4 Qa4
21. Bxf6 Bxf6 22. Nxf6+ gxf6 23. Qe3 Qh4 24. Bf1 Bc4 25. g3 Qg5 26. Qb6 Rd2 27.
Bxc4 bxc4 28. Qxa6 Qc5 29. Qa8+ Kg7 30. Qf3 Rxb2 31. a4 Rb6 32. Qg4+ Kh7 33.
Rd1 Rb2 34. Qd4 Qf5 35. Rf1 Qf3 36. Qxc4 Rc2 37. Qd4 Rxc3 38. Ra1 Rd3 39. Qc4
Rd2 40. Qf1 Qb7 41. a5 Qa7 42. Qe1 Rb2 43. a6 f5 44. Qe3 Rb6 45. Qxb6 1-0

[Event "75. LJUBLJANSKA LIGA 2023"]
[Site " gostovanja"]
[Date "2023.02.16"]
[Round "4.2"]
[White "Jancigaj, Saso Valentin"]
[Black "Benko, Bostjan"]
[Result "1/2-1/2"]
[WhiteElo "1683"]
[BlackElo "1879"]
[PlyCount "49"]
[EventDate "2023.02.16"]
[WhiteTeam "SK VISNJA GORA - STICNA"]
[BlackTeam "SK ZAGORJE"]

1. d4 Nf6 2. c4 e6 3. Nc3 Bb4 4. Bg5 d5 5. cxd5 exd5 6. e3 c6 7. Qb3 Be7 8. Nf3
O-O 9. Bd3 Re8 10. O-O Nbd7 11. Ne5 Nxe5 12. dxe5 Nd7 13. Bxe7 Qxe7 14. Qc2 g6
15. f4 Nc5 16. e4 dxe4 17. Bxe4 Nxe4 18. Nxe4 Bf5 19. g4 Bxe4 20. Qxe4 Qc5+ 21.
Kh1 Rad8 22. Rad1 Rd5 23. b4 Qb5 24. Rfe1 Red8 25. Rxd5 1/2-1/2

[Event "75. LJUBLJANSKA LIGA 2023"]
[Site " gostovanja"]
[Date "2023.02.16"]
[Round "4.3"]
[White "Medvesek, Janez"]
[Black "Kamensek, Ivan"]
[Result "1-0"]
[WhiteElo "1825"]
[BlackElo "1676"]
[PlyCount "67"]
[EventDate "2023.02.16"]
[WhiteTeam "SK ZAGORJE"]
[BlackTeam "SK VISNJA GORA - STICNA"]

1. d4 d5 2. c4 e6 3. Nc3 Nf6 4. Bg5 Be7 5. e3 O-O 6. Nf3 h6 7. Bh4 Nbd7 8. a3
b6 9. cxd5 exd5 10. Bd3 Bb7 11. O-O Ne4 12. Bxe7 Qxe7 13. Qc2 a6 14. b4 c5 15.
bxc5 bxc5 16. dxc5 Ndxc5 17. Ne2 Rac8 18. Nfd4 f5 19. Rac1 Rc7 20. Rfd1 Nxf2
21. Nxf5 Qe5 22. Ned4 Nxd1 23. Qxd1 Ne6 24. Rxc7 Nxc7 25. Qg4 Qf6 26. h3 Re8
27. Qg3 Nb5 28. Nxb5 axb5 29. Bxb5 Rf8 30. Bd3 Bc8 31. Nd4 Kh8 32. a4 Ba6 33.
Bf5 Rb8 34. Qxb8+ 1-0

[Event "75. LJUBLJANSKA LIGA 2023"]
[Site " gostovanja"]
[Date "2023.02.16"]
[Round "4.4"]
[White "Jese, Janez"]
[Black "Hribar, Zan"]
[Result "1-0"]
[WhiteElo "1707"]
[BlackElo "1721"]
[PlyCount "59"]
[EventDate "2023.02.16"]
[WhiteTeam "SK VISNJA GORA - STICNA"]
[BlackTeam "SK ZAGORJE"]

1. e4 c6 2. c4 d5 3. cxd5 cxd5 4. exd5 Qxd5 5. Nc3 Qd8 6. Nf3 Nc6 7. d4 Bg4 8.
d5 Bxf3 9. Qxf3 Ne5 10. Bb5+ Nd7 11. O-O a6 12. Ba4 b5 13. Bb3 Ngf6 14. Re1 Nb6
15. Bg5 Qd6 16. Bf4 Qd7 17. Rad1 Qb7 18. Bg5 O-O-O 19. Bf4 b4 20. Na4 Rd7 21.
Rc1+ Kd8 22. Nc5 Qa8 23. Nxd7 Nfxd7 24. Qe3 Nxd5 25. Bxd5 Qxd5 26. Red1 Qb7 27.
Rc7 Qxc7 28. Bxc7+ Kxc7 29. Qa7+ Kc8 30. Rxd7 1-0

[Event "75. LJUBLJANSKA LIGA 2023"]
[Site " gostovanja"]
[Date "2023.02.16"]
[Round "4.1"]
[White "Mlacnik, Janez"]
[Black "Lucovnik, Tilen"]
[Result "0-1"]
[WhiteElo "1832"]
[BlackElo "2161"]
[PlyCount "60"]
[EventDate "2023.02.16"]
[WhiteTeam "KPSRD KAREL JERAJ LJUBLJANA"]
[BlackTeam "SK KOMENDA POPOTNIK"]

1. d4 e6 2. Nf3 f5 3. c4 b6 4. Nc3 Bb4 5. Bg5 Nf6 6. a3 Bxc3+ 7. bxc3 Bb7 8. e3
O-O 9. Bd3 d6 10. O-O Nbd7 11. Qe2 Qe8 12. Bxf6 Nxf6 13. Nd2 Qg6 14. f3 e5 15.
e4 f4 16. Rfd1 Nd7 17. Kh1 Rf6 18. g3 fxg3 19. Rg1 Qh6 20. Rxg3 Nf8 21. Rag1
Ne6 22. Qg2 g6 23. Qf2 Nf4 24. Bf1 Raf8 25. dxe5 dxe5 26. Qe3 c5 27. Bh3 Rd8
28. Bf1 Bc8 29. Nb3 Rfd6 30. Qc1 Qg7 0-1

[Event "75. LJUBLJANSKA LIGA 2023"]
[Site " gostovanja"]
[Date "2023.02.16"]
[Round "4.2"]
[White "Juhant, Igor"]
[Black "Novakovic, Novica"]
[Result "1-0"]
[WhiteElo "1946"]
[BlackElo "1663"]
[PlyCount "67"]
[EventDate "2023.02.16"]
[WhiteTeam "SK KOMENDA POPOTNIK"]
[BlackTeam "KPSRD KAREL JERAJ LJUBLJANA"]

1. e4 c6 2. d4 d5 3. exd5 cxd5 4. Bd3 Nf6 5. h3 e6 6. Nf3 Nc6 7. c3 h6 8. Bf4
Bd6 9. Bxd6 Qxd6 10. O-O O-O 11. Re1 Bd7 12. Ne5 Rac8 13. Nd2 Rfe8 14. Ndf3 Qc7
15. Rc1 a6 16. Bb1 Ne7 17. g4 Nh7 18. Bxh7+ Kxh7 19. Nxf7 Qf4 20. N7e5 Bb5 21.
a4 Bc6 22. b3 Rf8 23. Qd3+ g6 24. Qe3 Qf6 25. g5 Qf5 26. gxh6 Rf6 27. Ng5+ Kh8
28. Ng4 Rff8 29. Qe5+ Qxe5 30. Rxe5 Nf5 31. Nxe6 Nh4 32. Nxf8 Nf3+ 33. Kg2 Nxe5
34. Nxe5 1-0

[Event "75. LJUBLJANSKA LIGA 2023"]
[Site " gostovanja"]
[Date "2023.02.16"]
[Round "4.3"]
[White "Zagar, Katarin"]
[Black "Cizman, Gregor"]
[Result "0-1"]
[WhiteElo "1153"]
[BlackElo "1499"]
[PlyCount "140"]
[EventDate "2023.02.16"]
[WhiteTeam "KPSRD KAREL JERAJ LJUBLJANA"]
[BlackTeam "SK KOMENDA POPOTNIK"]

1. d4 d5 2. c4 c6 3. Nc3 Nf6 4. e3 e6 5. Nf3 Bd6 6. Qc2 a6 7. a4 Nbd7 8. b3 O-O
9. Be2 Re8 10. O-O h6 11. Bb2 Qe7 12. Rfe1 Bb4 13. a5 Qd8 14. Bd3 Bxa5 15. Re2
Bc7 16. e4 dxe4 17. Nxe4 Nxe4 18. Bxe4 Nf6 19. Bd3 Bd7 20. Ne5 Bd6 21. Nxd7
Nxd7 22. Re3 Qc7 23. Rh3 Be7 24. Bh7+ Kh8 25. d5 Bf6 26. Bxf6 Nxf6 27. Bd3 exd5
28. cxd5 Nxd5 29. Bc4 Qe5 30. Rf1 Rad8 31. Bxd5 Qxd5 32. Rf3 Kg8 33. Rf5 Re5
34. Rxe5 Qxe5 35. f4 Qe3+ 36. Rf2 Qd3 37. Qxd3 Rxd3 38. Rb2 Kf8 39. Kf2 Rd5 40.
Re2 Rb5 41. Re3 a5 42. Ke2 Rb4 43. Re5 Rxb3 44. Rxa5 g6 45. Re5 Kg7 46. Re7 Kf6
47. Rd7 h5 48. h3 c5 49. Rd5 b6 50. Rd3 Rxd3 51. Kxd3 b5 52. g3 Ke6 53. Kc3 Kd5
54. g4 hxg4 55. hxg4 f6 56. f5 g5 57. Kd3 b4 58. Kc2 c4 59. Kb2 Kd4 60. Kc1 Kd3
61. Kd1 c3 62. Kc1 b3 63. Kb1 b2 64. Ka2 Kc2 65. Ka3 b1=Q 66. Ka4 Kd3 67. Ka5
Kc4 68. Ka6 Kc5 69. Ka7 Kc6 70. Ka8 Qb7# 0-1

[Event "75. LJUBLJANSKA LIGA 2023"]
[Site " gostovanja"]
[Date "2023.02.23"]
[Round "5.1"]
[White "Plaskan, Jure"]
[Black "Jelen, Igor"]
[Result "1-0"]
[WhiteElo "2241"]
[BlackElo "2313"]
[PlyCount "129"]
[EventDate "2023.02.23"]
[WhiteTeam "SD DOMZALE"]
[BlackTeam "SK IG"]

1. e4 c5 2. Nf3 Nc6 3. d4 cxd4 4. Nxd4 Nf6 5. Nc3 e5 6. Ndb5 d6 7. Bg5 a6 8.
Na3 b5 9. Nd5 Be7 10. Bxf6 Bxf6 11. c4 b4 12. Nc2 a5 13. Qf3 Bg5 14. h4 Bh6 15.
g4 Bf4 16. Nxf4 exf4 17. Qxf4 Ne5 18. Ne3 O-O 19. Be2 Be6 20. Rd1 Qc7 21. O-O
b3 22. a3 Rac8 23. Rd4 Qe7 24. Qg3 Rc6 25. Rfd1 Rfc8 26. g5 a4 27. f4 Nxc4 28.
Bxc4 Bxc4 29. f5 Kf8 30. f6 gxf6 31. Nf5 Qe5 32. gxf6 Qxg3+ 33. Nxg3 d5 34.
exd5 Rxf6 35. Rc1 Ba6 36. Rxc8+ Bxc8 37. Rxa4 Bb7 38. Ra5 Rf3 39. Ne4 Rd3 40.
Nc3 Kg7 41. Rb5 Ba6 42. Rxb3 Bc4 43. Rb4 Bxd5 44. Nxd5 Rxd5 45. a4 f5 46. Kf2
Kg6 47. Ke3 Rd1 48. Rb3 Kh5 49. a5 Kg4 50. a6 f4+ 51. Kf2 Rd2+ 52. Ke1 Rd7 53.
Rb7 Rd6 54. a7 Ra6 55. Rxh7 Kf3 56. Kd2 Kf2 57. Rf7 f3 58. h5 Kg2 59. Rg7+ Kf1
60. h6 f2 61. h7 Rd6+ 62. Kc3 Rc6+ 63. Kd4 Ke1 64. Re7+ Kd2 65. Rf7 1-0

[Event "75. LJUBLJANSKA LIGA 2023"]
[Site " gostovanja"]
[Date "2023.02.23"]
[Round "5.2"]
[White "Hiti, Domen"]
[Black "Skok, Joze"]
[Result "1-0"]
[WhiteElo "2236"]
[BlackElo "1940"]
[PlyCount "89"]
[EventDate "2023.02.23"]
[WhiteTeam "SK IG"]
[BlackTeam "SD DOMZALE"]

1. d4 Nf6 2. c4 g6 3. Nc3 d5 4. cxd5 Nxd5 5. e4 Nxc3 6. bxc3 Bg7 7. Bc4 O-O 8.
Ne2 c5 9. O-O cxd4 10. cxd4 Nc6 11. Bb2 Bg4 12. f3 Bd7 13. Qd2 Rc8 14. Rfc1 Na5
15. Bd5 Rxc1+ 16. Rxc1 e6 17. Bc3 Nc6 18. Bb3 Qb6 19. Kh1 Rc8 20. Rd1 a6 21. h3
Qd8 22. d5 exd5 23. Bxg7 Kxg7 24. Bxd5 Qh4 25. Qb2+ Kh6 26. Kh2 Bxh3 27. g3 Qh5
28. Nf4 Qxf3 29. Qd2 Kg7 30. Kxh3 Ne5 31. Qe2 Qa3 32. Nd3 Rc3 33. Bb3 Nxd3 34.
Rxd3 Rxd3 35. Qxd3 Qc1 36. Qd4+ Kh6 37. Kg2 Qb1 38. Bxf7 Qc2+ 39. Kh3 Qc8+ 40.
g4 Qc1 41. Bd5 Qf1+ 42. Kg3 Qc1 43. Qf2 Kg7 44. Qf7+ Kh6 45. Qf4+ 1-0

[Event "75. LJUBLJANSKA LIGA 2023"]
[Site " gostovanja"]
[Date "2023.02.23"]
[Round "5.3"]
[White "Markosek, Bine"]
[Black "Rozic, Adrijan"]
[Result "1/2-1/2"]
[WhiteElo "1865"]
[BlackElo "2067"]
[PlyCount "181"]
[EventDate "2023.02.23"]
[WhiteTeam "SD DOMZALE"]
[BlackTeam "SK IG"]

1. e4 e6 2. d4 d5 3. exd5 exd5 4. Bd3 Bd6 5. c3 Ne7 6. Nf3 Bg4 7. O-O Nd7 8.
Re1 h6 9. Nbd2 O-O 10. Nf1 Ng6 11. Ne3 Bxf3 12. Qxf3 c6 13. Nf5 Qf6 14. Qg4
Rfd8 15. h4 Kh8 16. h5 Ngf8 17. Nxd6 Qxd6 18. Bf4 Qf6 19. Re3 Ne6 20. Rf3 Nxf4
21. Rxf4 Qe7 22. Rf3 Nf6 23. Qh4 Re8 24. Re3 Qd7 25. Rae1 Rxe3 26. Rxe3 Re8 27.
Re5 Kg8 28. Bf5 Qd8 29. f4 Kf8 30. g4 Nd7 31. Qxd8 Rxd8 32. Bxd7 Rxd7 33. Kf2
f6 34. Re3 Kf7 {(=)} 35. Kf3 a5 36. Ke2 Rc7 37. Kd3 Rd7 38. Re1 Rd8 39. b4 axb4
40. cxb4 Ra8 41. Rc1 Rxa2 42. b5 Ra3+ 43. Ke2 Rg3 44. bxc6 bxc6 45. Rxc6 Rxg4
46. Kf3 Rh4 47. Rc7+ Ke6 48. Rxg7 Rxh5 49. Kg4 Rh1 50. f5+ Kd6 51. Rf7 h5+ 52.
Kg3 Rg1+ 53. Kh4 Rg4+ 54. Kxh5 Rg5+ 55. Kh6 Rxf5 56. Ra7 Rf4 57. Ra6+ Ke7 58.
Kg6 Rxd4 59. Rxf6 Rd1 60. Ra6 Rf1 61. Kg5 d4 62. Ra4 Rd1 63. Kf4 Kd6 64. Kf3
Kd5 65. Ke2 Rh1 66. Ra3 Rh2+ 67. Kd1 Ke4 68. Rg3 Ra2 69. Rh3 Kd5 70. Rg3 Kc4
71. Rh3 Ra1+ 72. Kd2 Rb1 73. Rg3 Rb2+ 74. Kd1 Rb4 75. Rh3 Rb5 76. Rg3 Re5 77.
Kd2 Rf5 78. Rh3 Rg5 79. Rf3 Rg4 80. Kd1 d3 81. Rf8 Kc3 82. Rc8+ Rc4 83. Rxc4+
Kxc4 84. Kd2 Kd4 85. Kd1 Ke3 86. Ke1 Kf3 87. Kd2 Ke4 88. Kd1 Kd4 89. Kd2 Kc4
90. Kd1 Kc3 91. Kc1 1/2-1/2

[Event "75. LJUBLJANSKA LIGA 2023"]
[Site " gostovanja"]
[Date "2023.02.23"]
[Round "5.4"]
[White "Cop, Jaka"]
[Black "Faganel, Kaja"]
[Result "1/2-1/2"]
[WhiteElo "1919"]
[BlackElo "1448"]
[PlyCount "91"]
[EventDate "2023.02.23"]
[WhiteTeam "SK IG"]
[BlackTeam "SD DOMZALE"]

1. e4 c5 2. Nc3 e6 3. g3 d5 4. d3 d4 5. Nb1 Nc6 6. Bg2 Nf6 7. Ne2 e5 8. O-O Be7
9. a4 Bg4 10. h3 Bd7 11. Na3 a6 12. Bd2 h5 13. h4 Ng4 14. f3 Nh6 15. Qc1 Rb8
16. Nc4 b5 17. axb5 axb5 18. Na5 Nxa5 19. Bxa5 Qc8 20. Bd2 c4 21. Kh2 Ra8 22.
Rxa8 Qxa8 23. Qa1 O-O 24. Bxh6 gxh6 25. Ng1 cxd3 26. cxd3 b4 27. f4 f6 28. fxe5
fxe5 29. Rxf8+ Qxf8 30. Nf3 Qf6 31. Qa7 Qd6 32. Nxe5 Qxe5 33. Qxd7 Bxh4 34.
Qd5+ Qxd5 35. exd5 Be7 36. Bf3 h4 37. gxh4 Bxh4 38. d6 Kf8 39. Bh5 Bg5 40. Kg3
b3 41. Bd1 Ke8 42. Bxb3 Kd7 43. Bc4 Kxd6 44. b4 Bd2 45. b5 Kc5 46. Kg4 1/2-1/2

[Event "75. LJUBLJANSKA LIGA 2023"]
[Site " gostovanja"]
[Date "2023.02.23"]
[Round "5.1"]
[White "Keber, Aljosa"]
[Black "Coklin, Marko"]
[Result "1-0"]
[WhiteElo "1876"]
[BlackElo "2129"]
[PlyCount "75"]
[EventDate "2023.02.23"]
[WhiteTeam "SK KOMENDA POGI"]
[BlackTeam "SK TRZIN BUSCOTRADE"]

1. e4 c5 2. Nf3 Nc6 3. d4 cxd4 4. Nxd4 g6 5. Nc3 Bg7 6. Be3 Nf6 7. Bc4 O-O 8.
Bb3 Qa5 9. O-O d6 10. h3 Bd7 11. f4 Nxd4 12. Bxd4 Bc6 13. Qd3 Nd7 14. Bxg7 Kxg7
15. Qd4+ Kg8 16. Kh1 Rad8 17. Rae1 Nc5 18. Bd5 Nd7 19. Bb3 Nc5 20. Nd5 Rfe8 21.
Re3 Bxd5 22. exd5 f6 23. Rfe1 Rd7 24. h4 Rc7 25. c3 Nxb3 26. axb3 Qb5 27. Re6
Kf7 28. Rd1 a5 29. f5 a4 30. h5 Rg8 31. fxg6+ hxg6 32. hxg6+ Rxg6 33. Qh4 Qe8
34. Qh7+ Rg7 35. Rxf6+ Kxf6 36. Rf1+ Kg5 37. Rf5+ Kg4 38. Qh3# 1-0